000 01373cam a2200277zu 4500
001 45007918
003 FRCYB45007918
005 20251020123331.0
006 m o d
007 cr un
008 251020s2005 fr | o|||||0|0|||fre d
020 _a9782844502728
035 _aFRCYB45007918
040 _aFR-PaCSA
_bfr
_c
_erda
100 1 _aSaffache, Pascal
245 0 1 _aGlossaire de l'aménagement et du développement local
_c['Saffache, Pascal']
264 1 _bIbis Rouge
_c2005
300 _a p.
336 _btxt
_2rdacontent
337 _bc
_2rdamdedia
338 _bc
_2rdacarrier
650 0 _a
700 0 _aSaffache, Pascal
856 4 0 _2Cyberlibris
_uhttps://international.scholarvox.com/netsen/book/45007918
_qtext/html
_a
520 _aAuteur de nombreux ouvrages pédagogiques et scientifiques, Pascal Saffache offre au lecteur ce Glossaire de l'aménagement et du développement local, dans le but de mettre à la disposition du plus grand nombre - en quelques lignes et dans un langage dépouillé de tous artifices - les notions de base de l'aménagement et du développement durables. Après son Dictionnaire simplifié de l'aménagement paru aux éditions Ibis Rouge (2002), Pascal Saffache offre au lecteur un nouvel ouvrage riche de plusieurs centaines de termes considérés jusqu'alors comme « barbares ».
999 _c1553807
_d1553807